000 02118nam2a22003971 4500
001 rc\65551
005 20250620193639.0
010 _a5-239-01696-8
_930000
035 _a(NLR Aleph) 005389013
090 _a7170446
_c7170446
100 _a20021216d1995 |||y0rusy50 ca
101 0 _arus
102 _aRU
105 _aa |||||||||
200 1 _aПроизведения, 1907-1924
_f[Статьи А. Черного, Л. Ростовского]
210 _d1995
_aБ. м.
215 _a525, [1] с., [17] л. ил.
320 _aБиблиогр. в примеч.: с. 474-524
327 0 _aСодерж.: Тень Птицы; Море богов; Дельта; Свет Зодиака; Иудея; Камень; Шеол; Пустыня дьявола; Страна содомская; Храм Солнца, и др. произведения
461 0 _1001rc\65547
_12001#$aСобрание сочинений$eВ 8 т.$fИ.А. Бунин$g[Сост., коммент., подгот. текста и подбор ил. к тт. 1-8 А.К. Бабореко$gВступ. ст. Ф.А. Степуна]$vТ. 4
_1700#1$aБунин$bИ.А.$gИван Алексеевич$f1870-1953
_97170411
_aБунин, И. А. (1870-1953)
_cМ.
_d1993-
_fИ.А. Бунин
_nМоск. рабочий
_oВ 8 т.
_tСобрание сочинений
_y5239016550
_vТ. 4
464 0 _12001#$aТень Птицы
_tТень Птицы
464 0 _12001#$aМоре богов
_tМоре богов
464 0 _12001#$aДельта
_tДельта
464 0 _12001#$aСвет Зодиака
_tСвет Зодиака
464 0 _12001#$aИудея
_tИудея
464 0 _12001#$aКамень
_tКамень
464 0 _12001#$aШеол
_tШеол
464 0 _12001#$aПустыня дьявола
_tПустыня дьявола
464 0 _12001#$aСтрана содомская
_tСтрана содомская
464 0 _12001#$aХрам Солнца
_tХрам Солнца
801 0 _aRU
_bNLR
_gpsbo
801 1 _aRU
_bELAR
_2rusmarc
852 _aNLR
_j93-3/6344
942 _cBOOK
980 _aNB